000 00670nam a2200265Ia 4500
005 20260121165034.0
008 008 260114s9999 xx 000 0 eng d
020 _a9781137533364
037 _aEBOOK
040 _aCRL
040 _beng
040 _cCRL
041 _2eng
041 _aeng
084 _qCRL
100 _aRosalind Latiner Raby, Edward J. Valeau
_91046769
245 0 _aInternational Education at Community Colleges
260 _bSpringer
260 _bSpringer
260 _c2016
856 _uhttps://link.springer.com/openurl?genre=book&isbn=978-1-137-53336-4
942 _cEBOOK
999 _c1612494
_d1612494